| 000 | 00422nam a2200181Ia 4500 | ||
|---|---|---|---|
| 005 | 20250603144959.0 | ||
| 008 | 250603s9999 xx 000 0 und d | ||
| 020 | _a9781856486033 | ||
| 050 | _aNA 737.W7 .T53/ | ||
| 100 | _aThomson, Iain | ||
| 245 | 0 | _aFrank Lloyd Wright in Pop-up | |
| 260 | _aSan Diego | ||
| 260 | _bThunder Bay Press | ||
| 260 | _c2023 | ||
| 300 | _a482 p | ||
| 650 | _aSan Diego | ||
| 942 | _cBK | ||
| 999 |
_c40518 _d40518 |
||